00893cam a22002651 4500001001300000003000400013005001700017008004100034010001700075035001800092040005000110042001200160050001700172100002900189245008000218260004600298300001700344490003200361500002800393504003600421651002800457700004500485810008000530999001700610pa 61000044 DLC20260227111855.0731130s1961 dcu b 000 0 spa c apa 61000044  a(OCoLC)752591 aPan American Union. LibrarycMMeTdOCoLCdDLC apremarc00aF2319b.C7181 aCruxent, José María.10aArqueología cronológica de Venezuela,cpor J.M. Cruxent e Irving Rouse. aWashington,bUnión Panamericana,c1961. a2 v.c25 cm.1 aEstudios monográficos,v6 aIssued also in English. aBibliography: v. 1, p. 309-320. 0aVenezuelaxAntiquities.1 aRouse, Irving,d1913-2006ejoint author.2 aPan American Union.bSocial Science Section.tEstudios monográficos ;v6. c51471d51471